Geography Quiz

Random Geography or State Quiz

Poorest US States Quiz Stats

 Plays Quiz Updated Jan 11, 2021

Support Sporcle.
Go Orange.
Score 0/10 Timer 01:30
1 Play Today
Income State % Correct
$51,734Alabama
89.7%
$45,792Mississippi
87.9%
$48,952Arkansas
78.4%
$51,073Louisiana
75.3%
$52,295Kentucky
75.1%
$56,071Tennessee
73.3%
$48,850West Virginia
67%
$56,227South Carolina
65.1%
$54,449Oklahoma
63.2%
$51,945New Mexico
58.2%

From the Vault

Three Letter 'J' Words

by Chenchilla

Maybe this quiz will help you the next time your rack has 6 vowels and a J.
Remove Ads.
Support Sporcle.
Get the best of Sporcle when you Go Orange. This ad-free experience offers more features, more stats, and more fun while also helping to support Sporcle. Thank you for becoming a member.

Show Comments

Extras

Top Quizzes Today


Score Distribution

Your Account Isn't Verified!

In order to create a playlist on Sporcle, you need to verify the email address you used during registration. Go to your Sporcle Settings to finish the process.

Report this User

Report this user for behavior that violates our Community Guidelines.

Details: